000 00266nam a22001217a 4500
082 _a823
_bBIA/F
100 _aBIANKI, VITALY
245 _aFOREST HOME
260 _aMOSCOW
_bRADHUYA PUBLICATIONS
_c1988
300 _a46
650 _aENGLISH STORY
_zMOSCOW
942 _cBK
999 _c7414
_d7414